000 00494nam a2200193Ia 4500
008 170918s9999 xx 000 0 und d
020 _a962413917
050 _bZ17da 1990
100 _aZapffe, Jessie Gresham
245 _aDark places, light places :
245 _ba novel of love and grace /
245 _cby Jessie Gresham Zapffe.
260 _aUSA :
260 _bSunfire Productions,
260 _c1990
300 _a276 pages :
300 _billustrations ;
300 _c21cm.
999 _c343534
_d343534